Allgemeinwissen Quiz #5 - Statistiken

Allgemein
  • Dieses Quiz wurde 19.069 mal gespielt
    17.770 seit der letzten Aktualisierung
  • Das Durchschnittsergebnis liegt bei 12 aus 20
Antwortstatistiken
Frage Antwort % Korrekt
Welche bedeutende Stadt hat die Initialen NYC? New York City
92%
Wie nennt man Schuhe mit hohen Absätzen? High Heels
84%
Wer war der Schulleiter von Hogwarts in den meisten Harry-Potter-Büchern? Albus Dumbledore
82%
In welcher Stadt im deutschsprachigen Raum gibt es das älteste und größte U-Bahnnetz? Berlin
82%
Welcher internationale Liederwettbewerb wurde von ABBA und Celine Dion gewonnen? Eurovision
75%
Die am weitesten verbreiteten Tongeschlechter sind Dur und? Moll
75%
Wer ist in den originalen Super Mario Brothers Marios Feind? Bowser
74%
Welches Sternzeichen hat man, wenn man am 1. August geboren ist? Löwe
74%
Welche Stadt war Gastgeber der ersten modernen Olympischen Spiele im Jahr 1896? Athen
73%
Wie nannte man den bisher einzigen Papst, der in Argentinien geboren wurde? Papst Franziskus
72%
Welches ist das südlichste Land der Welt, ohne externe Gebiete? Chile
65%
Wie nennt man ein (meist) alkoholisches Getränk, das vor dem Essen serviert wird? Aperitif
56%
Welcher deutsche Schriftsteller schrieb „Die Räuber“ und „Wilhelm Tell“? Friedrich Schiller
50%
Zu welchem Sport gehören Gymnastic, Aerobic und Seilspringen? Turnen
50%
Wie hieß Mumbai früher? Bombay
41%
Welches Wahrzeichen ist auch als Ayers Rock bekannt? Uluru
33%
Was sind die beiden "Beobachterstaaten" der UN, die keine Vollmitglieder sind?(Hinweis: Einer liegt im Nahen Osten, der andere in Südeuropa) Palästina
25%
Was sind die beiden "Beobachterstaaten" der UN, die keine Vollmitglieder sind?(Hinweis: Einer liegt im Nahen Osten, der andere in Südeuropa) Vatikanstadt
22%
Welche kanadische Provinz ist bekannt für die Stadt Calgary und die Rocky Mountains? Alberta
19%
Welcher Stern außer der Sonne erscheint am hellsten von der Erde aus? Sirius
18%
Keine übereinstimmenden Quizze gefunden
Verteilung der Resultate
Anzahl Personen mit jedem Resultat
Perzentil nach korrekt beantworteten Fragen
Ihre Resultats-Entwicklung
Sie haben dieses Quiz seit der letzten Aktualisierung nicht gespielt